Catálogo
 En Linea

Tres décadas de historia: (Registro nro. 53045)

Detalles MARC
000 -CABECERA
campo de control de longitud fija 01201nam a2200265 i 4500
003 - IDENTIFICADOR DEL NÚMERO DE CONTROL
campo de control DO-SdBNP
005 - FECHA Y HORA DE LA ÚLTIMA TRANSACCIÓN
campo de control 20240709091920.0
007 - CAMPO FIJO DE DESCRIPCIÓN FÍSICA--INFORMACIÓN GENERAL
campo de control de longitud fija ta
008 - DATOS DE LONGITUD FIJA--INFORMACIÓN GENERAL
campo de control de longitud fija 221201e2022 dr ao||gr|||| 001 0 spa d
020 ## - NÚMERO INTERNACIONAL ESTÁNDAR DEL LIBRO
Número Internacional Estándar del Libro 9789945221923
040 ## - FUENTE DE LA CATALOGACIÓN
Centro catalogador/agencia de origen DO-SdBNP
Lengua de catalogación spa
Centro/agencia transcriptor BNPHU
Normas de descripción rda
082 #4 - NÚMERO DE LA CLASIFICACIÓN DECIMAL DEWEY
Número de edición 22
Número de documento/Ítem T796d
245 00 - MENCIÓN DE TÍTULO
Título Tres décadas de historia:
Resto del título los premios soberano de Acroarte. /
Mención de responsabilidad, etc. Compilador y editor, Máximo Jiménez; textos, Arismendy Vásquez Guareño, Carlos Cepeda Suriel
264 #1 - PRODUCCIÓN, PUBLICACIÓN, DISTRIBUCIÓN, FABRICACIÓN Y COPYRIGHT
Producción, publicación, distribución, fabricación y copyright Santo Domingo :
Nombre del de productor, editor, distribuidor, fabricante Acroarte,
Fecha de producción, publicación, distribución, fabricación o copyright 2022
300 ## - DESCRIPCIÓN FÍSICA
Extensión 467 p. :
Otras características físicas il. fotograf. ;
Dimensiones 30 cm.
590 ## - NOTA LOCAL (RLIN)
Nota local Inventariado 2024 / MF
650 #4 - PUNTO DE ACCESO ADICIONAL DE MATERIA--TÉRMINO DE MATERIA
9 (RLIN) 38856
Término de materia o nombre geográfico como elemento de entrada Asociación de Cronistas de Artes (República Dominicana)
Subdivisión general Historia
Subdivisión cronológica 1984 - 2022
650 #4 - PUNTO DE ACCESO ADICIONAL DE MATERIA--TÉRMINO DE MATERIA
9 (RLIN) 34564
Término de materia o nombre geográfico como elemento de entrada Premios Soberano
Subdivisión general Historia
Subdivisión cronológica 1984 - 2022
Subdivisión geográfica República Dominicana
650 #4 - PUNTO DE ACCESO ADICIONAL DE MATERIA--TÉRMINO DE MATERIA
9 (RLIN) 60919
Término de materia o nombre geográfico como elemento de entrada Artes Escénicas
Subdivisión de forma Premios Soberano
Subdivisión general Historia
Subdivisión cronológica 1984 - 2022
Subdivisión geográfica República Dominicana
651 #4 - PUNTO DE ACCESO ADICIONAL DE MATERIA--NOMBRE GEOGRÁFICO
Nombre geográfico República Dominicana
Subdivisión de forma Premios Soberano
Subdivisión general Premios y Reconocimientos de las Artes Escénicas
Subdivisión cronológica 1984 - 2022
9 (RLIN) 82955
700 1# - PUNTO DE ACCESO ADICIONAL--NOMBRE DE PERSONA
9 (RLIN) 75836
Nombre de persona Jiménez, Máximo,
Término indicativo de función/relación compilador
700 1# - PUNTO DE ACCESO ADICIONAL--NOMBRE DE PERSONA
9 (RLIN) 79252
Nombre de persona Vásquez Guareño, Arismendy,
Término indicativo de función/relación texto
700 1# - PUNTO DE ACCESO ADICIONAL--NOMBRE DE PERSONA
9 (RLIN) 28009
Nombre de persona Cepeda Suriel, Carlos
Término indicativo de función/relación texto
942 ## - ELEMENTOS DE PUNTO DE ACCESO ADICIONAL (KOHA)
Fuente del sistema de clasificación o colocación Dewey Decimal Classification
Tipo de ítem Koha Libro
Existencias
Estado de retiro Estado de pérdida Fuente del sistema de clasificación o colocación Restricciones de uso No para préstamo Código de colección Localización permanente Ubicación/localización actual Ubicación en estantería Fecha de adquisición Fuente de adquisición Total de préstamos Signatura topográfica completa Código de barras Fecha visto por última vez Precio válido a partir de Tipo de ítem Koha Número de copia
    Dewey Decimal Classification Excluido de préstamo   Patrimonio Dominicano Biblioteca Nacional Pedro Henríquez Ureña Biblioteca Nacional Pedro Henríquez Ureña En catalogación 09.05.2022 Depósito legal / Editora Búho   T796d 2022-5845 01.12.2022 01.12.2022 Libro  
    Dewey Decimal Classification Excluido de préstamo   Patrimonio Dominicano Biblioteca Nacional Pedro Henríquez Ureña Biblioteca Nacional Pedro Henríquez Ureña En catalogación 09.05.2022 Depósito legal / Editora Búho   T796d 2022-5846 01.12.2022 01.12.2022 Libro e.2

Con tecnología Koha